| 000 | 01079nam a22001337a 4500 | ||
|---|---|---|---|
| 999 |
_c531853 _d531853 |
||
| 008 | 251103b ||||| |||| 00| 0 eng d | ||
| 100 |
_a Paine, S. C. M. _957627 |
||
| 245 | _aBy land or by sea: Continental power, maritime power, and the fight for a new world order | ||
| 260 | _aForeign Affairs | ||
| 300 | _a104(5), Sep-Oct, 2025: p.160-171 | ||
| 520 | _aGreat-power competition once again defines international relations. But the exact contours of today’s contest remain the subject of debate. Some observers emphasize ideological precedents from the Cold War. Others focus on changing military balances. Still others highlight leaders and their choices. In truth, modern conflicts over the international system flow from a long-standing, if unrecognized, disagreement over the sources of power and prosperity. The dispute originates from geography, and it has produced two antithetical global outlooks: one continental and the other maritime.- Reproduced https://www.foreignaffairs.com/united-states/land-or-sea-paine | ||
| 773 | _aForeign Affairs | ||
| 942 | _cAR | ||